zpět

Detail výsledku týmu

Pub Na Plech ČT - Žižkov, Praha

Datum a čas kvízu

35 Celkem bodů Celkový počet nahraných bodů na tomto kvízu bez doplňovacích otázek.
4. Pořadí na kvízu Konečné umístění týmu na tomto kvízu.

Zaznamenané odpovědi

# Otázka Odpověď Body Výsledky
1. V Praze minulý týden začala st... Pankrác 1
2. Slovenská policie minulý týden... Robert Fico, Robert Kaliňák 1
3. Společnost Mattel vydala u pří... královna Alžběta II. 1
4. Jedna z českých nápojářských z... Kofola 1
5. Českým házenkářkám se povedl m... Francie 1
6. Tímto tématem navazujeme v naš... B 1
7. Na lícní straně dvacetikoruny... zahynout nám i budoucím 1
8. Dvacet deka lásky je knihou po... Monyová 0
9. Protonové číslo dvacet má vápn... alabastr 0
10. Tramvajová linka číslo 20 vás... Divoká Šárka 1